| 000 | 00818nas a2200253Ia 4500 | ||
|---|---|---|---|
| 001 | R003/39903 | ||
| 003 | IT-RoPAU | ||
| 008 | 151124c99999999xx |||||||||||| ||und|| | ||
| 040 | _aIT-RoPAU | ||
| 040 | _cIT-RoPAU | ||
| 041 | _aFRANCESE | ||
| 100 |
_aPhilippon Alain _gCodice Aut. SPICS: 18365 |
||
| 210 | _aCAHIERS DU CINEMA | ||
| 222 | _aCahiers Du Cinema | ||
| 245 |
_aCAHIERS DU CINEMA, ANNO 33-N.344-FEBBRAIO 1983 _bRapide Survol D'Une Oeuvre En Mouvement |
||
| 250 | _a1a ed. | ||
| 260 |
_aPARIS _bL'ETOILE _c1983 |
||
| 501 |
_bPaulus - SPICS - Società San Paolo EM (non-commercial uses only) _cCopyright2015 |
||
| 300 | _a1 p. [33-33] | ||
| 362 | _aANNO 033, N.344-FEBBRAIO 1983 | ||
| 500 | _aFilmografia-Commentata-Di-Philippe-Garrel | ||
| 650 |
_aCINEMA _vPUBBLICAZIONE PERIODICA |
||
| 942 | _cCR | ||
| 999 |
_c159540 _d159540 |
||